Ciencia griega.
Zapisane w:
| 1. autor: | |
|---|---|
| Kolejni autorzy: | |
| Format: | Książka |
| Język: | hiszpański |
| Wydane: |
Barcelona, España:
Icaria,
1986.
|
| Wydanie: | Segunda edición. |
| Hasła przedmiotowe: | |
| Etykiety: |
Dodaj etykietę
Nie ma etykietki, Dołącz pierwszą etykiete!
|
MARC
| LEADER | 00000nam a2200000 a 4500 | ||
|---|---|---|---|
| 001 | UCX4628 | ||
| 003 | CL-VaPUC | ||
| 005 | 20220822114448.0 | ||
| 008 | 920626e19860000SP |||||||||||||||||spa|d | ||
| 999 | |c 435356 |d 435354 | ||
| 020 | |a 84-7426-051-5 | ||
| 040 | |c Pontificia Universidad Católica de Valparaíso | ||
| 082 | 0 | 4 | |a 509 FAR 1986 |2 21 |
| 100 | |a Farrington, Benjamin |e autor |9 334566 | ||
| 245 | 1 | 0 | |a Ciencia griega. |
| 250 | |a Segunda edición. | ||
| 260 | |a Barcelona, España: |b Icaria, |c 1986. | ||
| 300 | |a 301 páginas. | ||
| 500 | |a c.2 Donación Familia Prof. Alejandro Guzmán Brito. | ||
| 583 | |a last modification |c 19920626 00:00:00 |k Cristina María Rojas Aguilar | ||
| 650 | 0 | |a Ciencia |9 255691 |z Grecia |x Historia | |
| 700 | |a Nikos, Elsa Ariadna |e traducción |9 866119 | ||
| 942 | |c BK |2 ddc |n 0 | ||
| 945 | |d 19920626 00:00:00 | ||